| 000 | 00396nam a22001697a 4500 | ||
|---|---|---|---|
| 005 | 20250825153526.0 | ||
| 008 | 250825b |||||||| |||| 00| 0 eng d | ||
| 020 | _a9780670097982 | ||
| 041 | _aeng | ||
| 082 | _a920GUP | ||
| 100 | _a Gupta,Anupam | ||
| 245 | _aThe Rise of Asian Paints | ||
| 260 |
_aHaryana _bPenguin _c2024 |
||
| 300 | _a234;.p. 23 cm | ||
| 650 | _aBiography | ||
| 942 | _cBK | ||
| 999 |
_c46480 _d46480 |
||